Gaming Quiz

Random Gaming or Nintendo Quiz

Pokémon by Bizarre Evolution Method Quiz Stats

 Plays Quiz not verified by Sporcle

Support Sporcle.
Go Orange.
Score 0/16 Timer 10:00
0 Plays Today
Evolution Method Resultant Pokémon % Correct
Hold your game system upside down when it reaches an evolving level. Malamar
94.9%
Before it was made to evolve with an item, you'd have to level it up by a mossy rock on the map.Leafeon
94.9%
Trade with another Pokémon to lose its shell in the process.Accelgor
92.3%
Get an extra Pokémon when its source sheds its shell and you have a free spot in your party. Shedinja
92.3%
Evolves by level up, but three different ways depending on its stat balance.Hitmonlee/Hitmonchan/Hitmontop
91.7%
Level up with high friendship and a Fairy-type move in its roster.Sylveon
91.7%
Trade with another Pokémon to steal its shell in the process.Escavalier
91%
Level up while its fish companion is in the party.Mantine
89.7%
Evolution Method Resultant Pokémon % Correct
Decorate it and spin in a circle to make whipped cream!Alcremie
88.5%
Land three critical hits in one battle.Sirfetch'd
80.8%
Level up while it has the move Ancient Power.Mamoswine, Tangrowth, or Yanmega
79.5%
Level up during different parts of the day for different forms.Lycanroc
79.5%
Allow it to be severely weakened in battle and take it to a stone arch so the spirit possessing it can fully take over.Runerigus
75.6%
Level up during rainy weather.Goodra
71.8%
Level up while a Dark-type is in the party to serve as a bad influence.Pangoro
67.9%
Collect twigs to be woven into a bracelet or wreath and give the object to the Pokémon.Galarian Slowbro or Slowking
31.3%

You're not logged in!

Compare scores with friends on all Sporcle quizzes.
OR
Log In

From the Vault

Measurements

by Derek

So I was trying to bake a cake the other day and I couldn't remember how many pecks were in a bushel, so I thought this measurement conversion quiz would help.
Remove Ads.
Support Sporcle.
Get the best of Sporcle when you Go Orange. This ad-free experience offers more features, more stats, and more fun while also helping to support Sporcle. Thank you for becoming a member.

Show Comments

Extras

Top Quizzes Today


Score Distribution

Your Account Isn't Verified!

In order to create a playlist on Sporcle, you need to verify the email address you used during registration. Go to your Sporcle Settings to finish the process.

Report this User

Report this user for behavior that violates our Community Guidelines.

Details: